Đường giải phóng, Văn thơ yêu nước Nam Bộ, Trong mỗi trái tim, Ca dao Bảo Định Giang Thơ văn; Tập thơ

Đã lưu trong:
Chi tiết về thư mục
Tác giả chính: Bảo Định Giang 1919-2005
Định dạng: Sách
Ngôn ngữ:Vietnamese
Được phát hành: H. Hội Nhà văn 2015
Loạt:Tác phẩm văn học được giải thưởng Nhà nước
Những chủ đề:
Các nhãn: Thêm thẻ
Không có thẻ, Là người đầu tiên thẻ bản ghi này!
Thư viện lưu trữ: Mạng thư viện Đại học Đà Nẵng
LEADER 01360nam a2200349 4500
001 000024555
003 21043
005 20161221091227.0
008 161214s2015 viesd
041 0 |a vie 
082 1 4 |a 895.92213  |b BA-G 
100 1 |a Bảo Định Giang  |d 1919-2005 
245 1 0 |a Đường giải phóng, Văn thơ yêu nước Nam Bộ, Trong mỗi trái tim, Ca dao Bảo Định Giang  |b Thơ văn; Tập thơ  |c Bảo Định Giang 
260 |a H.  |b Hội Nhà văn  |c 2015 
300 |a 899 tr.  |b chân dung  |c 21 cm. 
490 |a Tác phẩm văn học được giải thưởng Nhà nước 
650 0 4 |a Nhà thơ Việt Nam  |x Giải thưởng  |y Thế kỷ 20 
650 0 4 |a Thơ Việt Nam  |x Giải thưởng  |y Thế kỷ 20 
650 0 4 |a Văn học Việt Nam  |x Giải thưởng  |y Thế kỷ 21 
653 |a Văn học hiện đại 
653 |a Thơ 
653 |a Việt Nam 
OWN |a LSP 
AVA |a UDN50  |b LSP  |d 895.92213 BA-G  |e available  |t Error 5001 Not defined in file expand_doc_bib_avail.  |f 4  |g 0  |h N  |i 0  |k 1 
999 |a From the UDN01 
AVA |a UDN50  |b LSP  |d 895.92213 BA-G  |e available  |t Error 5001 Not defined in file expand_doc_bib_avail.  |f 4  |g 0  |h N  |i 0  |k 1 
TYP |a Monograph 
TYP |a Printed language 
980 |a Mạng thư viện Đại học Đà Nẵng